000 00615cam a2200205 4500
001 D7105
008 090401t1926 xxu||||| |||| 00| 0 eng d
035 _a(Sirsi) u5191
041 _aeng
050 _a692.3
110 _aIndia. Engineer-in-Chief
_91058
245 _aMilitary Engineer services handbook. Volume 1. Buildings and general Part 1. specifications and structural design
260 _aCalcutta
_bGovernment of India Central Publication
_c1926
300 _aix. 426p. 24cm
350 _a0
650 _aINDIA
650 _aMILITARY ENGINEER SERVICES HANDBOOK
942 _n0
948 _c04/03/1997
999 _c86137
_d86137